LIBRARY & INFORMATION CENTRE, KCAET, TAVANUR

ONLINE PUBLIC ACCESS CATALOGUE (OPAC)

Soil mechanics and foundation engineering / (Record no. 13393)

MARC details
000 -LEADER
fixed length control field 00451cam a2200181ua 4500
041 ## - LANGUAGE CODE
Language code of text/sound track or separate title eng
082 ## - DEWEY DECIMAL CLASSIFICATION NUMBER
Classification number 624.15136
Item number GAR/SO
100 ## - MAIN ENTRY--AUTHOR NAME
Personal name Garg, S K .
245 ## - TITLE STATEMENT
Title Soil mechanics and foundation engineering /
250 ## - EDITION STATEMENT
Edition statement 6 /
260 ## - PUBLICATION, DISTRIBUTION, ETC. (IMPRINT)
Place of publication Delhi :
Name of publisher Khanna Publishers ,
Year of publication 2005.
300 ## - PHYSICAL DESCRIPTION
Number of Pages 1199 ; .
942 ## - ADDED ENTRY ELEMENTS (KOHA)
Koha item type Books
Holdings
Withdrawn status Lost status Damaged status Home library Current library Date acquired Full call number Accession Number Koha item type Collection code Shelving location Source of acquisition Cost, normal purchase price
    Damaged KAUAET KAUAET 07/04/2012 624.15136 22061 Books        
      KAUAET KAUAET 30/03/2013 624.15136 GAR/SO 24113 Books   General Stacks Aman Book Stall, Calicut 360.00
free website counter